[Event "AUTO-MASTER-1283"]
[Site "http://www.queenalice.com/game.php?id=865435"]
[Date "2010.11.29"]
[Round "1"]
[White "Econochess"]
[Black "leduar"]
[Result "0-1"]
[WhiteElo "1951"]
[BlackElo "1971"]

1. d4 Nf6 2. c4 g6 3. Nc3 Bg7 4. e4 d6 5. Bg5 O-O 6. Bd3 h6 7. Be3 Na6 8. Nge2
Nb4 9. Bb1 c6 10. a3 Na6 11. Bd3 c5 12. d5 e6 13. O-O exd5 14. exd5 Bd7 15. Qd2
Ng4 16. Bf4 Be5 17. h3 Bxf4 18. Qxf4 Ne5 19. Bc2 g5 20. Qg3 Qf6 21. Ne4 Qg6 22.
f4 Nxc4 23. fxg5 Kh8 24. Rf6 Rg8 25. Rxg6 Rxg6 26. Rf1 f5 27. Nf6 Bb5 28. Nf4
Rxg5 29. Qh4 Kg7 30. N6h5+ Kf7 31. Re1 Ne5 32. Ne6 Nf3+ 0-1

[Event "AUTO-MASTER-1283"]
[Site "http://www.queenalice.com/game.php?id=865436"]
[Date "2010.11.29"]
[Round "1"]
[White "leduar"]
[Black "Econochess"]
[Result "1-0"]
[WhiteElo "1986"]
[BlackElo "1936"]

1. e4 c5 2. Nf3 g6 3. d4 cxd4 4. Qxd4 Nf6 5. Bb5 a6 6. Ba4 b5 7. Bb3 Nc6 8. Qe3
d6 9. O-O Bg7 10. Rd1 Qc7 11. Nc3 O-O 12. Nd5 Nxd5 13. exd5 Na5 14. a3 Nc4 15.
Bxc4 bxc4 16. c3 Bf5 17. Nd4 Bd7 18. Qxe7 Rae8 19. Qh4 Ba4 20. Rf1 Re5 21. Nc6
Bxc6 22. dxc6 Qxc6 23. Be3 Re4 24. Qh3 Rfe8 25. Rfe1 f5 26. Kf1 d5 27. Rad1 Qb7
28. Re2 f4 29. Rde1 fxe3 30. Rxe3 Rxe3 31. Rxe3 1-0

[Event "AUTO-MASTER-1286"]
[Site "http://www.queenalice.com/game.php?id=867268"]
[Date "2010.12.3"]
[Round "1"]
[White "Econochess"]
[Black "docb"]
[Result "0-1"]
[WhiteElo "1797"]
[BlackElo "1976"]

1. d4 d5 2. c4 c6 3. Nc3 Nf6 4. cxd5 cxd5 5. Bf4 Nc6 6. e3 a6 7. Bd3 e6 8. Nge2
Nh5 9. O-O Nxf4 10. Nxf4 Bd6 11. Qf3 Qg5 12. Nfe2 O-O 13. Ng3 b5 14. Rac1 Nb4
15. Bb1 Bd7 16. a3 Nc6 17. Rc2 Rac8 18. b4 Rc7 19. Rfc1 Rfc8 20. Qh5 Qxh5 21.
Nxh5 Ne7 22. Ne2 Rxc2 23. Rxc2 a5 24. Rxc8+ Nxc8 25. bxa5 Bxa3 26. Nc3 Bb4 27.
Ne2 Bxa5 28. Nc1 Bc3 29. Ne2 Ba5 30. Nhf4 b4 31. Nd3 Nd6 32. Nec1 Ba4 33. Nc5
Bd1 34. Ba2 Nb5 35. Kf1 Nc3 36. Bb3 Bxb3 37. N1xb3 Bb6 38. Na6 Kf8 39. Nxb4 Ke7
40. Ke1 Bc7 41. Nc5 Kd6 42. Kd2 Nb1+ 43. Kc2 Na3+ 44. Kb3 Nc4 0-1

[Event "AUTO-MASTER-1286"]
[Site "http://www.queenalice.com/game.php?id=867270"]
[Date "2010.12.3"]
[Round "1"]
[White "Econochess"]
[Black "milo_krokodil4e"]
[Result "0-1"]
[WhiteElo "2011"]
[BlackElo "2118"]

1. d4 d5 2. c4 c6 3. Nc3 Nf6 4. cxd5 cxd5 5. Bg5 e6 6. e3 Be7 7. Bd3 Nbd7 8.
Nge2 O-O 9. O-O Re8 10. Qc2 a6 11. Bxf6 Nxf6 12. f3 Rf8 13. e4 dxe4 14. fxe4 e5
15. d5 Ng4 16. Qd2 Qb6+ 17. Kh1 Nf2+ 0-1

[Event "AUTO-MASTER-1286"]
[Site "http://www.queenalice.com/game.php?id=867271"]
[Date "2010.12.3"]
[Round "1"]
[White "milo_krokodil4e"]
[Black "Econochess"]
[Result "0-1"]
[WhiteElo "2139"]
[BlackElo "1989"]

1. e4 c5 2. Nf3 g6 3. d4 cxd4 4. Nxd4 Nc6 5. Be3 Bg7 6. Nc3 Nf6 7. Qd2 Nxd4 8.
Bxd4 O-O 9. O-O-O d6 10. f3 b6 11. g4 Bb7 12. h4 Rc8 13. h5 Rc6 14. hxg6 fxg6
15. Nd5 e5 16. Nxf6+ Qxf6 0-1

[Event "AUTO-MASTER-1286"]
[Site "http://www.queenalice.com/game.php?id=867272"]
[Date "2010.12.3"]
[Round "1"]
[White "Econochess"]
[Black "boparame"]
[Result "0-1"]
[WhiteElo "1999"]
[BlackElo "2254"]

1. d4 d5 2. c4 e6 3. Nc3 Nf6 4. cxd5 exd5 5. Bg5 Be7 6. e3 O-O 7. Bd3 b6 8. Nge2
Bg4 9. f3 Be6 10. Qc2 h6 11. Bh4 c5 12. dxc5 bxc5 13. O-O Nc6 14. Bb5 Qb6 15.
Bxc6 Qxc6 16. Nf4 Rfe8 17. Nxe6 Qxe6 18. Rfe1 Red8 19. Bf2 Rd7 20. Rad1 Rb8 21.
b3 Rbd8 22. Na4 Rc8 23. b4 c4 24. a3 a5 25. bxa5 Bd8 26. Nb6 Bxb6 27. axb6 Qxb6
28. e4 Qb3 29. Qxb3 cxb3 30. e5 Nh7 31. Re3 b2 32. Rb3 Rc2 33. Rb1 Rc1+ 0-1

[Event "AUTO-MASTER-1286"]
[Site "http://www.queenalice.com/game.php?id=867273"]
[Date "2010.12.3"]
[Round "1"]
[White "boparame"]
[Black "Econochess"]
[Result "1-0"]
[WhiteElo "2392"]
[BlackElo "1799"]

1. e4 c5 2. Nf3 g6 3. d4 cxd4 4. Qxd4 Nf6 5. e5 Nc6 6. Qa4 Nd5 7. c3 Bg7 8. Qe4
Nb6 9. Bb5 a6 10. Bxc6 bxc6 11. O-O Bb7 12. Ng5 O-O 13. Qh4 h5 14. Re1 Qc7 15.
f4 c5 16. Nd2 Qc6 17. Re2 d6 18. Ngf3 Rae8 19. Ne4 dxe5 20. Nxe5 Qb5 21. c4 Nxc4
22. a4 Qb4 23. Nd7 Nd6 24. Nxf8 Nxe4 25. Nd7 Qd4+ 26. Be3 Qxd7 27. Rf1 Qxa4 28.
f5 Qc4 29. Qe1 Nd6 30. Rf4 Qd5 31. fxg6 fxg6 32. Rd2 Qe6 33. Re2 Qc8 34. Kh1 Nf5
35. Bc1 Qc7 36. Re6 Kh7 37. Rxg6 e6 38. Rg5 Qf7 39. Qd1 h4 40. Qg4 Bh6 41. Rh5
Qg6 42. Rfxf5 exf5 43. Qxg6+ 1-0

[Event "AUTO-MASTER-1287"]
[Site "http://www.queenalice.com/game.php?id=867948"]
[Date "2010.12.5"]
[Round "1"]
[White "Econochess"]
[Black "dadge"]
[Result "0-1"]
[WhiteElo "2011"]
[BlackElo "2131"]

1. d4 Nf6 2. c4 d5 3. cxd5 Qxd5 4. Nc3 Qa5 5. Bd2 c6 6. e3 Bg4 7. f3 Be6 8. Bd3
Nbd7 9. Nge2 g6 10. O-O Bg7 11. a3 O-O 12. e4 Qb6 13. b4 Qd8 14. Nf4 Nb6 15.
Nxe6 fxe6 16. Be3 Ne8 17. e5 Nd5 18. Bd2 Nf4 19. Bc2 Qxd4+ 20. Kh1 Bxe5 21. Ne4
Qxa1 0-1

[Event "AUTO-MASTER-1287"]
[Site "http://www.queenalice.com/game.php?id=867949"]
[Date "2010.12.5"]
[Round "1"]
[White "dadge"]
[Black "Econochess"]
[Result "1-0"]
[WhiteElo "2179"]
[BlackElo "2065"]

1. e4 c5 2. Nf3 g6 3. d4 cxd4 4. Nxd4 Nc6 5. Nc3 Bg7 6. Be3 Nf6 7. Be2 O-O 8.
Qd2 b6 9. f4 Nxd4 10. Bxd4 d6 11. h4 Bb7 12. Bf3 e5 13. fxe5 dxe5 14. Bxe5 Qxd2+
15. Kxd2 Rfe8 16. Bxf6 Bxf6 17. Rae1 Rad8+ 18. Kc1 Bxc3 19. bxc3 Re5 20. Re2 Ra5
21. Kb2 Rc5 22. Re3 Rd2 23. Rd3 Rf2 24. Rd4 Rb5+ 25. Rb4 Rc5 26. Rd1 Bc6 27. a3
Kf8 28. Rdd4 Ke7 29. a4 f6 30. Rbc4 Rxc4 31. Rxc4 Kd6 32. e5+ 1-0

[Event "AUTO-MASTER-1287"]
[Site "http://www.queenalice.com/game.php?id=867950"]
[Date "2010.12.5"]
[Round "1"]
[White "Econochess"]
[Black "Fariajj"]
[Result "0-1"]
[WhiteElo "1810"]
[BlackElo "1924"]

1. d4 d5 2. c4 e6 3. Nc3 Nf6 4. cxd5 exd5 5. Bg5 Be7 6. e3 c6 7. Bd3 Nfd7 8.
Bxe7 Qxe7 9. Nge2 Qg5 10. O-O Nf6 11. Ng3 O-O 12. f3 Nh5 13. Nxh5 Qxh5 14. Qe1
Nd7 15. Rc1 Nf6 16. Qg3 Be6 17. Na4 h6 18. Nc5 Bf5 19. Bxf5 Qxf5 20. b3 Rab8 21.
Rc3 Nh5 22. Qf2 Qh7 23. Nd7 Qf5 24. Nxb8 Rxb8 25. a4 Re8 26. b4 Nf6 27. b5 Rc8
28. bxc6 bxc6 0-1

[Event "AUTO-MASTER-1287"]
[Site "http://www.queenalice.com/game.php?id=867951"]
[Date "2010.12.5"]
[Round "1"]
[White "Fariajj"]
[Black "Econochess"]
[Result "1-0"]
[WhiteElo "1912"]
[BlackElo "1822"]

1. d4 Nf6 2. c4 e6 3. Nc3 Bb4 4. Bg5 O-O 5. a3 Bxc3+ 6. bxc3 b6 7. Nf3 d6 8. e4
h6 9. Be3 Ba6 10. Nd2 Nbd7 11. Be2 e5 12. O-O Nh7 13. a4 Ng5 14. Ra2 Rc8 15. Re1
Ne6 16. g3 Qf6 17. Bg4 Rcd8 18. Bh3 c5 19. d5 Nc7 20. f4 exf4 21. Rf1 Qxc3 22.
Bxf4 Ne5 23. Bxe5 dxe5 24. Rc2 Qe3+ 25. Kh1 Qg5 26. Rf5 Qe7 27. Rh5 Qf6 28. Qg4
1-0

[Event "AUTO-MASTER-1287"]
[Site "http://www.queenalice.com/game.php?id=867952"]
[Date "2010.12.5"]
[Round "1"]
[White "Econochess"]
[Black "Gil"]
[Result "0-1"]
[WhiteElo "1954"]
[BlackElo "2275"]

1. d4 d5 2. c4 dxc4 3. e4 e6 4. Bxc4 c5 5. d5 Nf6 6. Nc3 exd5 7. exd5 Bd6 8. Nf3
O-O 9. O-O Re8 10. Bg5 Nbd7 11. Ne4 Rxe4 0-1

[Event "AUTO-MASTER-1287"]
[Site "http://www.queenalice.com/game.php?id=867953"]
[Date "2010.12.5"]
[Round "1"]
[White "Gil"]
[Black "Econochess"]
[Result "1-0"]
[WhiteElo "2259"]
[BlackElo "2017"]

1. d4 Nf6 2. Nf3 e6 3. c4 Bb4+ 4. Bd2 Qe7 5. Nc3 O-O 6. e3 c5 7. Bd3 cxd4 8.
Nxd4 Nc6 9. O-O b6 10. a3 Bxc3 11. Bxc3 Ba6 12. Nxc6 dxc6 13. Qf3 Rad8 14. Rfd1
Rd7 15. Bxf6 Qxf6 16. Qxf6 gxf6 17. Bxh7+ 1-0

[Event "AUTO-MASTER-1288"]
[Site "http://www.queenalice.com/game.php?id=868451"]
[Date "2010.12.6"]
[Round "1"]
[White "Famelo"]
[Black "Econochess"]
[Result "1-0"]
[WhiteElo "2133"]
[BlackElo "2033"]

1. f4 c5 2. Nf3 g6 3. e3 Bg7 4. Be2 Nc6 5. O-O Nf6 6. c3 O-O 7. d4 cxd4 8. exd4
b6 9. Nbd2 Bb7 10. Ne5 Nxe5 11. fxe5 Nd5 12. Nf3 d6 13. c4 Nc7 14. Bf4 Ne6 15.
Be3 Rc8 16. exd6 Qxd6 17. Rc1 Bxf3 18. Bxf3 Nxd4 19. Bd5 Ne6 20. b3 Be5 21. Bxe6
Qxe6 22. Qf3 Bg7 23. Rce1 Rfd8 24. Bg5 1-0

[Event "AUTO-MASTER-1288"]
[Site "http://www.queenalice.com/game.php?id=868452"]
[Date "2010.12.6"]
[Round "1"]
[White "Econochess"]
[Black "Famelo"]
[Result "0-1"]
[WhiteElo "1756"]
[BlackElo "2175"]

1. d4 Nf6 2. c4 g6 3. Nc3 Bg7 4. e4 d6 5. Bd3 O-O 6. Nge2 Nc6 7. O-O e5 8. d5
Ne7 9. f4 exf4 10. Bxf4 c6 11. Qd2 cxd5 12. exd5 a6 13. Bh6 Rb8 14. Bxg7 Kxg7
15. Qg5 b5 16. Qxf6+ Kg8 17. b3 bxc4 18. Bxc4 Qb6+ 19. Qf2 Qxf2+ 20. Rxf2 Nf5
21. Raf1 Ne3 22. Rc1 Ng4 23. Rf4 Ne5 24. Ne4 Rb6 25. Rf6 Rd8 26. a4 Bf5 27. N2g3
Bxe4 28. Nxe4 Ng4 29. Rf4 f5 30. Ng5 Ne5 31. Ne6 Rdb8 32. Nd4 Kg7 33. Nc6 Nxc6
34. dxc6 Rxc6 35. Rd4 Rxb3 36. Bxb3 Rxc1+ 37. Kf2 Rb1 38. Bc4 Rb4 39. Ke3 Rxa4
0-1

[Event "AUTO-MASTER-1288"]
[Site "http://www.queenalice.com/game.php?id=868463"]
[Date "2010.12.6"]
[Round "1"]
[White "cleber"]
[Black "Econochess"]
[Result "1/2-1/2"]
[WhiteElo "2193"]
[BlackElo "2060"]

1. e4 c5 2. Nf3 g6 3. Nc3 Bg7 4. Be2 Nc6 5. O-O d6 6. d3 Nf6 7. h3 a6 8. a4 O-O
9. Bg5 Be6 10. Qd2 Rc8 11. Bh6 Qb6 12. Bxg7 Kxg7 13. Kh1 Nh5 14. Ng5 Nf6 15.
Nxe6+ fxe6 16. f4 Nd4 17. e5 Nd5 18. Nxd5 exd5 19. b3 Nf5 20. Rf3 Nd4 21. Rff1
1/2-1/2

[Event "AUTO-MASTER-1288"]
[Site "http://www.queenalice.com/game.php?id=868464"]
[Date "2010.12.6"]
[Round "1"]
[White "Econochess"]
[Black "cleber"]
[Result "0-1"]
[WhiteElo "1780"]
[BlackElo "2130"]

1. d4 Nf6 2. c4 c5 3. d5 e6 4. Nc3 exd5 5. cxd5 d6 6. e4 g6 7. Bg5 Bg7 8. Bb5+
Bd7 9. Bxd7+ Nbxd7 10. Nge2 O-O 11. O-O a6 12. f4 b5 13. Ng3 b4 14. Nce2 Qb6 15.
Kh1 Rae8 16. Qc2 Ng4 17. f5 f6 18. Bd2 a5 19. fxg6 hxg6 20. Nf4 Nde5 21. h3 Nh6
22. Ne6 Rf7 23. Nxg7 Kxg7 24. Rae1 Rh8 25. b3 Nhg4 26. Ne2 c4 27. bxc4 Nf2+ 28.
Kg1 Nxh3+ 29. Kh2 Nf2+ 0-1

[Event "AUTO-MASTER-1288"]
[Site "http://www.queenalice.com/game.php?id=868471"]
[Date "2010.12.6"]
[Round "1"]
[White "Econochess"]
[Black "pedone"]
[Result "0-1"]
[WhiteElo "1965"]
[BlackElo "2054"]

1. d4 d5 2. c4 c6 3. Nc3 Nf6 4. cxd5 Nxd5 5. e4 Nxc3 6. bxc3 Nd7 7. Bc4 b5 8.
Bd3 Qa5 9. Bd2 a6 10. Ne2 e6 11. O-O Bb7 12. a4 Qd8 13. axb5 cxb5 14. f3 Be7 15.
f4 Nc5 16. Bc2 Nxe4 17. Be3 Qd5 18. Rf3 Nf6 19. f5 Ng4 20. Bc1 Bd6 21. Nf4 Bxf4
22. Bxf4 O-O 23. h3 Nf6 24. Qe2 Rfe8 25. Re3 exf5 26. Re1 g6 27. Be5 Nh5 0-1

[Event "AUTO-MASTER-1288"]
[Site "http://www.queenalice.com/game.php?id=868472"]
[Date "2010.12.6"]
[Round "1"]
[White "pedone"]
[Black "Econochess"]
[Result "1-0"]
[WhiteElo "2063"]
[BlackElo "2032"]

1. e4 c5 2. Nf3 g6 3. c3 Nc6 4. d4 cxd4 5. cxd4 d5 6. e5 Bg7 7. Nbd2 Nh6 8. Bb5
Bd7 9. O-O O-O 10. Nb3 b6 11. h3 Nxe5 12. Bxd7 Qxd7 13. dxe5 1-0

[Event "AUTO-INT-1682"]
[Site "http://www.queenalice.com/game.php?id=880258"]
[Date "2011.1.2"]
[Round "2"]
[White "Econochess"]
[Black "william_1987br"]
[Result "0-1"]
[WhiteElo "1845"]
[BlackElo "1659"]

1. d4 d5 2. c4 Nf6 3. Nc3 c6 4. cxd5 cxd5 5. Bg5 e6 6. e3 Be7 7. Bb5+ Bd7 8.
Bxd7+ Qxd7 9. Nge2 O-O 10. O-O h6 11. Bh4 g5 0-1